000 01049 a2200217 4500
001 47430
005 20260407155741.0
008 260407a1994 arg spa d
003 AR-UNSa-BCEJYS
040 _aAR-UNSa-BCEJYS
_bspa
_cAR-UNSa-BCEJYS
080 _a330
_xEconomía en general
245 1 0 _aLa economía de la complejidad
_pEconomía dinámica caótica
020 _a84-481-1802-2
264 1 _aMadrid :
_bMcGraw-Hill
_c1994
300 _a170 p.
_c24 cm.
505 _a1. El estado actual de la Ciencia Económica - 2. La evolución de la física y el principio de indeterminación de Heisenberg - 3. Sistemas dinámicos - 4. Teoría del control óptimo - 5. Teoría de catástrofes - 6. Matemáticas del caos - 7. La economía de la complejidad - 8. Economía dinámica caótica (I) - 9. Economía dinámica caótica (II) -
942 _cBK
590 _aniveau_biblio:m niveau_hierar:0
100 1 _aFernández Díaz, Andrés
856 4 1 _uhttps://www.biblioeco.unsa.edu.ar/pmb/images/libros/L127504.jpg
_yImagen de portada
_qimage/jpeg
999 _c4361
_d4361